Statement by the Managing Director on the Independent Evaluation Office Report on Governance of the IMF.

I would like to thank the Independent Evaluation Office (IEO) for preparing this informative update on the 2008 report on governance of the IMF. It is reassuring that the Update recognizes the significant progress made in improving efficiency, accountability, and voice of the Fund's main govern...

Descrición completa

Detalles Bibliográficos
Autor Corporativo: International Monetary Fund
Formato: Revista
Idioma:English
Publicado: Washington, D.C. : International Monetary Fund, 2018.
Series:Policy Papers; Policy Paper ; No. 2018/045
Subjects:
Acceso en liña:Full text available on IMF
LEADER 01642cas a2200301 a 4500
001 AALejournalIMF019246
008 230101c9999 xx r poo 0 0eng d
020 |c 5.00 USD 
020 |z 9781498309660 
022 |a 2663-3493 
040 |a BD-DhAAL  |c BD-DhAAL 
110 2 |a International Monetary Fund. 
245 1 0 |a Statement by the Managing Director on the Independent Evaluation Office Report on Governance of the IMF. 
264 1 |a Washington, D.C. :  |b International Monetary Fund,  |c 2018. 
300 |a 1 online resource (1 pages) 
490 1 |a Policy Papers 
500 |a <strong>Off-Campus Access:</strong> No User ID or Password Required 
500 |a <strong>On-Campus Access:</strong> No User ID or Password Required 
506 |a Electronic access restricted to authorized BRAC University faculty, staff and students 
520 3 |a I would like to thank the Independent Evaluation Office (IEO) for preparing this informative update on the 2008 report on governance of the IMF. It is reassuring that the Update recognizes the significant progress made in improving efficiency, accountability, and voice of the Fund's main governance bodies, and I concur that the remaining challenges need our continued attention and collective commitment. 
538 |a Mode of access: Internet 
650 7 |a Accountability  |2 imf 
650 7 |a Governance Body  |2 imf 
650 7 |a Governance Of The IMF  |2 imf 
650 7 |a Governance  |2 imf 
650 7 |a PP  |2 imf 
830 0 |a Policy Papers; Policy Paper ;  |v No. 2018/045 
856 4 0 |z Full text available on IMF  |u http://elibrary.imf.org/view/journals/007/2018/045/007.2018.issue-045-en.xml  |z IMF e-Library